57 'I' Movies Quiz Stats

Quiz Updated Apr 23, 2014

Also try: 57 'M' Movies
Challenge
Share
Tweet
Embed
Score 0/57 Timer 14:00
1 Play Today
Year & Genre(s) Movie % Correct
2008: SuperheroIron Man
86.4%
2004: SciFiI, Robot
82.7%
2009: DramaInvictus
72.8%
2007: SciFiI Am Legend
69.3%
1996: DisasterIndependence Day
64.3%
1994: HorrorInterview with the Vampire
60.9%
2001: DramaI Am Sam
60%
1946: DramaIt's a Wonderful Life
58.4%
1997: HorrorI Know What You Did Last Summer
56.9%
2002: AnimatedIce Age
55.6%
2008: SuperheroThe Incredible Hulk
54.3%
1969/2003: HeistThe Italian Job
52.6%
2009: WarInglourious Basterds
52.1%
2008: ActionIn Bruges
51.9%
2009: BromanceI Love You, Man
48.5%
1999: FamilyInspector Gadget
45.6%
2007: ComedyI Now Pronounce You Chuck and Larry
45.6%
2006: DocumentaryAn Inconvenient Truth
44.3%
1993: DramaIndecent Proposal
43.5%
1967: DramaIn Cold Blood
43.2%
1967: MysteryIn the Heat of the Night
42.2%
2008: AdventureIndiana Jones and the Kingdom of the Crystal Skull
42.2%
2004: AnimatedThe Incredibles
41.6%
2006: MysteryThe Illusionist
40.7%
2006: ComedyIdiocracy
36.9%
2007: AdventureInto the Wild
36.8%
2002: SpyI Spy
36.5%
2006: ThrillerInside Man
36.4%
2009: ComedyThe Invention of Lying
33%
Year & Genre(s) Movie % Correct
1963: ComedyIt's a Mad, Mad, Mad, Mad World
31.3%
2009: DramaThe Informant!
31%
1997: ComedyIn & Out
29.4%
1993: ActionIn the Line of Fire
27.6%
1999: AnimatedThe Iron Giant
25.9%
1987: ComedyIshtar
25.1%
1933: HorrorThe Invisible Man
24.5%
1944: BiopicIvan the Terrible
24%
1999: HorrorIdle Hands
23.6%
2005: ThrillerThe Interpreter
23.2%
1952: ComedyThe Importance of Being Earnest
21.6%
1934: RomanceIt Happened One Night
21.6%
1994: RomanceI.Q.
20.8%
1997: DramaThe Ice Storm
18.1%
1960: CourtroomInherit the Wind
16.8%
2005: SciFiThe Island
16.3%
1956: HorrorInvasion of the Body Snatchers
15.4%
2003: HorrorIdentity
14.4%
2001: DramaIn the Bedroom
12.7%
2002: CrimeInfernal Affairs
12.2%
2003: ThrillerIn the Cut
11.7%
1968: DramaIf...
9.2%
1916: DramaIntolerance
9.2%
1965: SpyThe Ipcress File
6.9%
1978: DramaInteriors
5.9%
1953: ThrillerI Confess
4.8%
2009: ComedyIn the Loop
4.2%
1959: MelodramaImitation of Life
3.1%

You're not logged in!

Compare scores with friends on all Sporcle quizzes.
Join for Free
OR
Log In

You Might Also Like...

Show Comments

Extras

Top Quizzes Today


Score Distribution

Your Account Isn't Verified!

In order to create a playlist on Sporcle, you need to verify the email address you used during registration. Go to your Sporcle Settings to finish the process.

Report this User

Report this user for behavior that violates our Community Guidelines.

Details: